[Event "2. Bundesliga West 2004/2005 (6)"]
[Site "?"]
[Date "2005.01.21"]
[Round "?"]
[White "Herbrechtsmeier, Christof"]
[Black "Salvermoser, Bernd"]
[Result "1-0"]
[WhiteElo "2290"]
[BlackElo "2229"]
[PlyCount "93"]
[EventDate "2005.01.21"]

1. e4 c6 2. c4 d5 3. cxd5 cxd5 4. exd5 Nf6 5. Bb5+ Bd7 6. Bc4 b5 7. Be2 Nxd5 8.
d4 e6 9. Nf3 Nc6 10. O-O a6 11. Nc3 Nxc3 12. bxc3 Bd6 13. Bd3 h6 14. Nd2 O-O
15. Ne4 Be7 16. a4 b4 17. cxb4 Nxb4 18. Bb1 Bc6 19. Nc3 f5 20. Ne2 Rf6 21. Bf4
Rg6 22. f3 Nd5 23. Ba2 Bd6 24. Bxd5 Bxd5 25. Bxd6 Qxd6 26. Qd2 Bc4 27. Rad1 Rf6
28. Rb1 Rf7 29. Nf4 Rd7 30. Ng6 Rad8 31. Qe3 Bd5 32. h4 Rb8 33. h5 a5 34. Rxb8+
Qxb8 35. Qc3 Qc7 36. Rc1 Qxc3 37. Rxc3 Bb7 38. Rb3 Rc7 39. Rb5 Kf7 40. Rxa5 Kf6
41. Ra7 Rc1+ 42. Kh2 Rb1 43. Kg3 Rb4 44. a5 Bc6 45. Ne7 Rxd4 46. Nxc6 Rc4 47.
Rc7 1-0

[Event "2. Bundesliga West 2004/2005 (6)"]
[Site "?"]
[Date "2005.01.21"]
[Round "?"]
[White "Duer, Werner"]
[Black "Gattenloehner, Sebastian"]
[Result "1-0"]
[WhiteElo "2264"]
[BlackElo "2229"]
[PlyCount "83"]
[EventDate "2005.01.21"]

1. d4 d5 2. Nf3 Nf6 3. c4 c6 4. Nc3 e6 5. e3 Nbd7 6. Bd3 dxc4 7. Bxc4 b5 8. Bd3
Bb7 9. O-O a6 10. a4 b4 11. Ne4 c5 12. Ned2 Be7 13. Qe2 O-O 14. a5 Qb8 15. Nc4
Qa7 16. Rd1 Rfd8 17. Nfe5 Rac8 18. Nxd7 Nxd7 19. Bd2 Qa8 20. f3 Qa7 21. Kh1 Nf6
22. Nb6 Rb8 23. dxc5 Bxc5 24. Na4 Be7 25. e4 Nd7 26. Be3 Qa8 27. Bc4 Bc6 28.
Nb6 Nxb6 29. Bxb6 Rxd1+ 30. Rxd1 Bd8 31. Bxd8 Rxd8 32. Bxa6 Rxd1+ 33. Qxd1 Be8
34. Qd6 g5 35. Qb6 Bc6 36. h3 h5 37. Bd3 b3 38. a6 Qc8 39. Qc5 Qd7 40. Qxg5+
Kf8 41. Qc5+ Kg7 42. Qc3+ 1-0

[Event "2. Bundesliga West 2004/2005 (6)"]
[Site "?"]
[Date "2005.01.21"]
[Round "?"]
[White "Mira, Helene"]
[Black "Lawitsch, Guenther"]
[Result "0-1"]
[WhiteElo "2184"]
[BlackElo "2232"]
[PlyCount "220"]
[EventDate "2005.01.21"]

1. Nf3 d5 2. d4 Nf6 3. c4 c6 4. e3 e6 5. Bd3 Bd6 6. O-O O-O 7. b3 b6 8. Ba3
Bxa3 9. Nxa3 Nbd7 10. cxd5 exd5 11. Qc2 Bb7 12. Rac1 Qe7 13. Qb2 Rfe8 14. Rc2
Qd6 15. Rfc1 Ne4 16. Nb1 Re6 17. Nbd2 f5 18. Nf1 Rh6 19. Ng3 Rf8 20. b4 Qe7 21.
Qb3 Qe8 22. Qa4 Qa8 23. Ba6 b5 24. Bxb7 Qxb7 25. Qb3 Nxg3 26. hxg3 Nb6 27. Ne5
Rff6 28. g4 fxg4 29. Nxg4 Nc4 30. Nxf6+ Rxf6 31. e4 dxe4 32. Rxc4 bxc4 33.
Qxc4+ Qf7 34. Qe2 Qd5 35. Rc5 Qxd4 36. Qc4+ Qxc4 37. Rxc4 c5 38. Rxc5 Rb6 39.
Rc8+ Kf7 40. Rc7+ Kf6 41. Rxa7 Rxb4 42. a3 Rb1+ 43. Kh2 h5 44. Kh3 g5 45. Ra5
Rf1 46. Ra8 Kg6 47. Rg8+ Kh6 48. Rh8+ Kg6 49. Rg8+ Kf5 50. Rf8+ Ke5 51. a4 Ra1
52. Re8+ Kf5 53. Rf8+ Kg6 54. Rg8+ Kf6 55. Rf8+ Kg7 56. Ra8 Ra3+ 57. Kh2 Ra2
58. Kg1 h4 59. a5 Ra1+ 60. Kh2 Rf1 61. Re8 Rxf2 62. Rxe4 Ra2 63. Re5 Kg6 64.
Rb5 Kh5 65. Kh3 Ra4 66. Rc5 Kg6 67. Rb5 Ra3+ 68. Kh2 Kh5 69. Rc5 Ra4 70. Kh3
Ra1 71. Kh2 Ra3 72. Rb5 Kg4 73. Rb4+ Kh5 74. Rb5 Ra1 75. Rc5 Ra3 76. Rb5 Ra4
77. Kh3 Ra1 78. Kh2 Kg6 79. Kh3 Ra4 80. Rc5 Kh5 81. Rb5 Ra1 82. Kh2 Ra2 83. Kh3
Ra4 84. Rc5 Kg6 85. Rb5 Ra1 86. Kh2 Kh5 87. Rc5 Ra4 88. Kh3 Kg6 89. Rb5 Ra3+
90. Kh2 g4 91. Rc5 Ra2 92. Kg1 g3 93. Kf1 Ra1+ 94. Ke2 h3 95. Rc3 h2 96. Rxg3+
Kf5 97. Rf3+ Ke4 98. Re3+ Kd4 99. Rd3+ Kc4 100. Rh3 h1=Q 101. Rxh1 Rxh1 102.
Kf3 Kd5 103. Kf4 Ke6 104. Kg5 Kf7 105. g4 Kg7 106. Kf5 Ra1 107. Kg5 Rxa5+ 108.
Kh4 Kg6 109. Kg3 Kg5 110. Kf3 Ra4 0-1

[Event "2. Bundesliga West 2004/2005 (6)"]
[Site "?"]
[Date "2005.01.21"]
[Round "?"]
[White "Lair, Gebhard"]
[Black "Heilinger, Dietmar"]
[Result "0-1"]
[WhiteElo "1995"]
[BlackElo "2167"]
[PlyCount "100"]
[EventDate "2005.01.21"]

1. d4 e6 2. Nf3 f5 3. c4 b6 4. g3 Bb7 5. Bg2 Nf6 6. O-O Be7 7. Nc3 O-O 8. Ne1
Bxg2 9. Nxg2 Qe8 10. Bg5 Nc6 11. Rc1 a6 12. e3 Na5 13. Qd3 Qh5 14. Bxf6 Rxf6
15. Nf4 Qf3 16. e4 Qxd3 17. Nxd3 Nxc4 18. e5 Rff8 19. Rfd1 c6 20. Ne2 b5 21. b3
Nb6 22. Nc5 Kf7 23. Kg2 Ra7 24. f4 Nd5 25. Kf2 Rb8 26. a3 a5 27. Rd2 g5 28. Kf3
h6 29. h3 Rg8 30. Rdd1 Rg7 31. Rg1 Bxc5 32. dxc5 Rg8 33. g4 fxg4+ 34. hxg4 gxf4
35. Nxf4 Ke7 36. Nh5 Rf8+ 37. Kg3 Rf7 38. Kh4 Rf3 39. Rg3 Rf2 40. Kh3 Ra2 41.
g5 hxg5 42. Rxg5 Rxa3 43. Rg3 Rb7 44. Rg7+ Kd8 45. Kg4 Ne3+ 46. Kg5 Nf5 47. Rg6
Rxb3 48. Rd1 Rh3 49. Rxe6 Rxh5+ 50. Kf4 Ne7 0-1

[Event "2. Bundesliga West 2004/2005 (6)"]
[Site "?"]
[Date "2005.01.21"]
[Round "?"]
[White "Medvegy, Zoltan"]
[Black "Schmidt, Georg"]
[Result "1/2-1/2"]
[WhiteElo "2467"]
[BlackElo "2331"]
[PlyCount "97"]
[EventDate "2005.01.21"]

1. e4 e6 2. d4 d5 3. Nc3 Nf6 4. Bg5 Be7 5. e5 Ne4 6. Nxe4 Bxg5 7. Nxg5 Qxg5 8.
Nf3 Qe7 9. c3 b6 10. b4 c6 11. a4 a5 12. b5 c5 13. Bd3 Nd7 14. O-O Bb7 15. Re1
c4 16. Bc2 O-O-O 17. Qd2 h6 18. Re3 Rdg8 19. Rae1 Nf8 20. g3 g5 21. Kf1 Ng6 22.
Ng1 Kc7 23. Rf3 Bc8 24. Bxg6 Rxg6 25. h3 Bd7 26. Kg2 Be8 27. Qe2 Qa3 28. Qc2
Qe7 29. Rfe3 Rf8 30. Nf3 h5 31. R1e2 g4 32. Nh4 Rg7 33. Kh2 Rfg8 34. Ng2 gxh3
35. Kxh3 Rg4 36. Rf3 h4 37. Qd2 hxg3 38. fxg3 Qf8 39. Kh2 Qg7 40. Qe1 Qh6+ 41.
Kg1 Qg6 42. Ree3 Qc2 43. Qa1 Rh8 44. Qa3 Kc8 45. Qe7 Rg7 46. Qa7 Qxa4 47. Qa8+
Kd7 48. Qa7+ Kc8 49. Qa8+ 1/2-1/2

[Event "2. Bundesliga West 2004/2005 (6)"]
[Site "?"]
[Date "2005.01.21"]
[Round "?"]
[White "Pantaleev, Petar"]
[Black "Mathe, Gaspar"]
[Result "1/2-1/2"]
[WhiteElo "2295"]
[BlackElo "2357"]
[PlyCount "68"]
[EventDate "2005.01.21"]

1. Nf3 d5 2. d4 c6 3. g3 Bf5 4. Bg2 e6 5. O-O Be7 6. c4 Nd7 7. Qb3 Qb6 8. c5
Qxb3 9. axb3 a6 10. b4 Ngf6 11. Nbd2 Bc2 12. Ne1 Bg6 13. Nb3 O-O-O 14. Nf3 Ne8
15. b5 cxb5 16. Bf4 Nc7 17. Rfc1 Nb8 18. Na5 Nc6 19. Nxc6 bxc6 20. Bxc7 Kxc7
21. Rxa6 Ra8 22. Rca1 Rxa6 23. Rxa6 Bd8 24. Ne5 Kb7 25. Ra3 Bc7 26. f4 Bxe5 27.
fxe5 Ra8 28. Rxa8 Kxa8 29. Kf2 Kb7 30. b4 Kc7 31. g4 Bb1 32. g5 Kd7 33. Kg3 Ke7
34. Kf4 Kd7 1/2-1/2

[Event "2. Bundesliga West 2004/2005 (6)"]
[Site "?"]
[Date "2005.01.21"]
[Round "?"]
[White "Ager, Josef"]
[Black "Peterwagner, Heinz"]
[Result "1-0"]
[WhiteElo "2228"]
[BlackElo "2214"]
[PlyCount "25"]
[EventDate "2005.01.21"]

1. d4 c5 2. dxc5 Qa5+ 3. Nc3 Nf6 4. Nf3 e6 5. Bd2 Qxc5 6. e4 a6 7. Bd3 d6 8.
O-O Be7 9. b4 Qc7 10. Rc1 Nbd7 11. Na4 Qc6 12. c4 Nxe4 13. Nd4 1-0

[Event "2. Bundesliga West 2004/2005 (6)"]
[Site "?"]
[Date "2005.01.21"]
[Round "?"]
[White "Mroz, Thomas"]
[Black "Knechtel, Roland"]
[Result "1-0"]
[WhiteElo "2105"]
[BlackElo "2229"]
[PlyCount "93"]
[EventDate "2005.01.21"]

1. d4 e6 2. c4 d5 3. Nf3 c6 4. cxd5 exd5 5. Nc3 Nf6 6. Bg5 Be7 7. Qc2 O-O 8. e3
Re8 9. Bd3 Nbd7 10. O-O Nf8 11. Rab1 a5 12. a3 Bd6 13. Bf5 Ng6 14. b4 axb4 15.
axb4 h6 16. Bxc8 Rxc8 17. Bxf6 Qxf6 18. b5 Ne7 19. bxc6 bxc6 20. Na4 g5 21. Nc5
g4 22. Nd2 Ng6 23. Nb7 Bb8 24. Qd3 Qh4 25. g3 Qh3 26. Rfc1 Nh4 27. Qf1 Qxf1+
28. Kxf1 Nf5 29. Na5 Ne7 30. Rb6 c5 31. dxc5 h5 32. Rb7 Bc7 33. Nab3 h4 34. Nd4
hxg3 35. hxg3 Kg7 36. Ra1 Be5 37. Raa7 Bb8 38. Rxe7 Bxa7 39. Rxa7 Rxc5 40. N2b3
Rc3 41. Nf5+ Kf6 42. Nbd4 Rb8 43. Nh6 Rb1+ 44. Kg2 Kg5 45. Nxf7+ Kf6 46. Nh6
Kg5 47. Ra6 1-0

[Event "2. Bundesliga West 2004/2005 (6)"]
[Site "?"]
[Date "2005.01.21"]
[Round "?"]
[White "Hackbarth, Wolfgang"]
[Black "Hamberg, Hermann"]
[Result "1/2-1/2"]
[WhiteElo "2141"]
[BlackElo "2162"]
[PlyCount "25"]
[EventDate "2005.01.21"]

1. c4 e5 2. Nc3 Nc6 3. g3 f5 4. Bg2 Nf6 5. d3 g6 6. e3 Bg7 7. Nge2 O-O 8. Nd5
d6 9. Nec3 Ne7 10. O-O c6 11. Nxf6+ Bxf6 12. e4 Be6 13. f4 1/2-1/2

[Event "2. Bundesliga West 2004/2005 (6)"]
[Site "?"]
[Date "2005.01.21"]
[Round "?"]
[White "Marchhart, Matthias"]
[Black "Maierhofer, Johann"]
[Result "1/2-1/2"]
[WhiteElo "2116"]
[BlackElo "2136"]
[PlyCount "34"]
[EventDate "2005.01.21"]

1. e4 e5 2. Nf3 Nf6 3. Nxe5 d6 4. Nf3 Nxe4 5. d4 d5 6. Bd3 Nc6 7. h3 Be7 8. O-O
Bf5 9. Bf4 g5 10. Be5 f6 11. Bh2 Qd7 12. c3 O-O-O 13. Nfd2 Nd6 14. Bxf5 Qxf5
15. Na3 h5 16. Nc2 Qg6 17. Ne3 Ne4 1/2-1/2

[Event "2. Bundesliga West 2004/2005(7)"]
[Site "?"]
[Date "2005.01.22"]
[Round "?"]
[White "Schmidt, Georg"]
[Black "Sandner, Günter"]
[Result "1/2-1/2"]
[WhiteElo "2331"]
[BlackElo "2327"]
[PlyCount "141"]
[EventDate "2005.01.22"]

1. e4 g6 2. d4 Bg7 3. Nc3 d6 4. Be3 a6 5. a4 b6 6. Bc4 Bb7 7. Nge2 Nd7 8. Qd2
c5 9. O-O cxd4 10. Nxd4 Ngf6 11. f3 O-O 12. Nd5 Rc8 13. Qe2 Nxd5 14. Bxd5 Qc7
15. Bxb7 Qxb7 16. c4 Rc7 17. b3 Nc5 18. Ra3 e6 19. Rd1 Rd8 20. Bg5 Re8 21. Bh4
Rcc8 22. Bg3 d5 23. e5 dxc4 24. bxc4 Qc7 25. Kh1 Nd7 26. f4 Qxc4 27. Qxc4 Rxc4
28. Nb3 Rec8 29. Raa1 R8c7 30. Kg1 h5 31. Nd2 Rd4 32. Nf3 Rxd1+ 33. Rxd1 Bf8
34. Bh4 Bc5+ 35. Kf1 Be3 36. g3 Rc1 37. Rxc1 Bxc1 38. Bd8 Bb2 39. Ke2 Kg7 40.
Ng5 Bd4 41. Ne4 Kf8 42. Bc7 Ke7 43. Bd6+ Kd8 44. h3 f6 45. exf6 Nxf6 46. Ng5
Kd7 47. Bb4 Nd5 48. Bd2 Bf6 49. Ne4 Be7 50. g4 hxg4 51. hxg4 Kc6 52. Kd3 Nf6
53. Nxf6 Bxf6 54. Ke4 Bb2 55. Bb4 a5 56. Be7 b5 57. axb5+ Kxb5 58. f5 exf5+ 59.
gxf5 gxf5+ 60. Kxf5 Kc4 61. Ke4 Bc1 62. Kf3 Kd3 63. Bd8 a4 64. Be7 Bd2 65. Bd6
Bc3 66. Be7 Be5 67. Bf8 Bc7 68. Be7 Ba5 69. Bf8 Kc4 70. Ke2 Bb4 71. Bxb4
1/2-1/2

[Event "2. Bundesliga West 2004/2005(7)"]
[Site "?"]
[Date "2005.01.22"]
[Round "?"]
[White "Rudolph, Johannes"]
[Black "Pantaleev, Petar"]
[Result "0-1"]
[WhiteElo "2305"]
[BlackElo "2295"]
[PlyCount "74"]
[EventDate "2005.01.22"]

1. d4 Nf6 2. Nf3 g6 3. c4 Bg7 4. Nc3 O-O 5. e4 d6 6. Be2 e5 7. O-O Nc6 8. d5
Ne7 9. b4 Nh5 10. Re1 f5 11. Ng5 Nf6 12. Bf3 c6 13. Bb2 h6 14. Ne6 Bxe6 15.
dxe6 fxe4 16. Nxe4 Nxe4 17. Rxe4 d5 18. cxd5 cxd5 19. Rxe5 Bxe5 20. Bxe5 Qb6
21. Bb2 Qxb4 22. Rb1 Qc5 23. Qd2 g5 24. Rc1 Qb6 25. Ba3 Rae8 26. Re1 Rxf3 27.
gxf3 Ng6 28. e7 Nf4 29. Kh1 Qg6 30. Qe3 b6 31. Qb3 Kf7 32. Re5 Qf6 33. Qe3 Ng6
34. Rxd5 Rxe7 35. Bxe7 Qa1+ 36. Kg2 Nf4+ 37. Qxf4+ gxf4 0-1

[Event "2. Bundesliga West 2004/2005(7)"]
[Site "?"]
[Date "2005.01.22"]
[Round "?"]
[White "Peterwagner, Heinz"]
[Black "Egartner, Wolfgang"]
[Result "1/2-1/2"]
[WhiteElo "2214"]
[BlackElo "2128"]
[PlyCount "25"]
[EventDate "2005.01.22"]

1. e4 c6 2. d4 d5 3. Nc3 dxe4 4. Nxe4 Nd7 5. Nf3 Ngf6 6. Nxf6+ Nxf6 7. h3 Bf5
8. Bd3 Bxd3 9. Qxd3 e6 10. Bd2 Bd6 11. O-O-O Qc7 12. Rhe1 O-O 13. Kb1 1/2-1/2

[Event "2. Bundesliga West 2004/2005(7)"]
[Site "?"]
[Date "2005.01.22"]
[Round "?"]
[White "Jenul, Reinhold"]
[Black "Mroz, thomas"]
[Result "1/2-1/2"]
[WhiteElo "2119"]
[BlackElo "2105"]
[PlyCount "45"]
[EventDate "2005.01.22"]

1. d4 d5 2. Nf3 Nf6 3. g3 e6 4. Bg2 c5 5. O-O Nc6 6. c4 dxc4 7. Qa4 Nd7 8. dxc5
Bxc5 9. Qxc4 O-O 10. Nc3 a6 11. Bg5 Qc7 12. Qb3 Na5 13. Qc2 h6 14. Bc1 Bd6 15.
Bd2 Ne5 16. Nxe5 Bxe5 17. Rfd1 Bd7 18. Rac1 Rac8 19. e4 Rfd8 20. Be3 Bxc3 21.
Qb1 Ba4 22. Rxd8+ Rxd8 23. Rxc3 1/2-1/2

[Event "2. Bundesliga West 2004/2005(7)"]
[Site "?"]
[Date "2005.01.22"]
[Round "?"]
[White "Hamberger, Hermann"]
[Black "Hosp, Reinhard"]
[Result "1/2-1/2"]
[WhiteElo "2162"]
[BlackElo "2146"]
[PlyCount "77"]
[EventDate "2005.01.22"]

1. e4 c5 2. Nf3 a6 3. Nc3 Nc6 4. d4 cxd4 5. Nxd4 Qb6 6. Nb3 e6 7. g3 Nf6 8. Bg2
d6 9. O-O Be7 10. a4 O-O 11. a5 Qc7 12. Be3 Ne5 13. Na4 Nfd7 14. Nb6 Nxb6 15.
Bxb6 Qb8 16. Nd2 Nd7 17. Nc4 Ne5 18. Nxe5 dxe5 19. Qd3 Bd6 20. Rfd1 Bc7 21. Bc5
Re8 22. Qb3 h6 23. Qa4 Rf8 24. Bxf8 Kxf8 25. Rd3 b5 26. Qb4+ Kg8 27. Qe7 Ra7
28. Rc3 b4 29. Rc4 Rb7 30. Rd1 Kh7 31. Qf8 Kg6 32. h4 Kh7 33. Rd8 Bxd8 34. Qxd8
Bd7 35. Qxb8 Rxb8 36. Rc7 Bb5 37. c4 bxc3 38. bxc3 Bd3 39. Rc5 1/2-1/2

[Event "2. Bundesliga West 2004/2005(7)"]
[Site "?"]
[Date "2005.01.22"]
[Round "?"]
[White "Kerber, Alfred"]
[Black "Marchhart, Matthias"]
[Result "1-0"]
[WhiteElo "1924"]
[BlackElo "2116"]
[PlyCount "81"]
[EventDate "2005.01.22"]

1. e4 c5 2. b4 cxb4 3. a3 d5 4. exd5 Qxd5 5. Nf3 e5 6. Bb2 Nc6 7. c4 Qe6 8. Be2
e4 9. O-O exf3 10. Bxf3 Qxc4 11. Re1+ Be6 12. d4 Rd8 13. d5 Nge7 14. Nd2 Qf4
15. g3 Qd6 16. dxe6 fxe6 17. Bh5+ Kd7 18. Qb3 Qd5 19. axb4 Kc7 20. Nc4 b5 21.
Be5+ Nxe5 22. Rxe5 bxc4 23. Rxa7+ Kb8 24. Qa4 Qc6 25. Rb5+ Qxb5 26. Qxb5+ Kxa7
27. Qa5+ Kb7 28. Qxd8 Nd5 29. Qd7+ Kb8 30. Qd8+ Kb7 31. Bf7 Nc7 32. Qd4 Bxb4
33. Qxc4 Ba5 34. Bxe6 Rd8 35. Bg4 Rd6 36. Bf3+ Kc8 37. Qg8+ Rd8 38. Bg4+ Ne6
39. Qxe6+ Kc7 40. Qe7+ Kc6 41. Qxg7 1-0

[Event "2. Bundesliga West 2004/2005(7)"]
[Site "?"]
[Date "2005.01.22"]
[Round "?"]
[White "Teske, Henrik"]
[Black "Mathe, Gaspar"]
[Result "1-0"]
[WhiteElo "2529"]
[BlackElo "2357"]
[PlyCount "47"]
[EventDate "2005.01.22"]

1. e4 c6 2. Nc3 d5 3. Nf3 Bg4 4. d4 e6 5. Be3 Nd7 6. h3 Bxf3 7. Qxf3 dxe4 8.
Nxe4 Ngf6 9. Bc4 Nxe4 10. Qxe4 Nf6 11. Qf3 Be7 12. O-O O-O 13. Rfd1 Qa5 14. c3
Rad8 15. Qe2 Qh5 16. Qc2 Nd5 17. Bc1 Bd6 18. Re1 Nf4 19. Qe4 f5 20. Qc2 Nxh3+
21. gxh3 Qxh3 22. f4 Rf6 23. Rxe6 Qg4+ 24. Qg2 1-0

[Event "2. Bundesliga West 2004/2005(7)"]
[Site "?"]
[Date "2005.01.22"]
[Round "?"]
[White "Webersberger, Johann"]
[Black "Luther, Thomas"]
[Result "0-1"]
[WhiteElo "2234"]
[BlackElo "2543"]
[PlyCount "110"]
[EventDate "2005.01.22"]

1. d4 Nf6 2. Nf3 e6 3. e3 d5 4. Bd3 c5 5. b3 Nc6 6. O-O Be7 7. Bb2 O-O 8. Nbd2
b6 9. c4 Bb7 10. Qe2 Re8 11. Rac1 Bf8 12. Rfd1 Rc8 13. Ne5 cxd4 14. Nxc6 Bxc6
15. exd4 dxc4 16. bxc4 g6 17. Nf3 Nh5 18. Qe3 Bb7 19. Be4 Bxe4 20. Qxe4 Bg7 21.
Ba1 Qc7 22. Ne5 Red8 23. f4 Nf6 24. Qf3 Ne8 25. Rc3 f6 26. Ng4 f5 27. Ne5 Nd6
28. d5 Qc5+ 29. Kh1 Ne4 30. Rc2 exd5 31. Bd4 Qe7 32. Qb3 Bxe5 33. fxe5 dxc4 34.
Rxc4 Rxc4 35. Qxc4+ Kf8 36. Kg1 Ng5 37. Rc1 Ne6 38. Be3 Kg7 39. h3 g5 40. h4 f4
41. Bf2 g4 42. g3 fxg3 43. Qxg4+ Kh8 44. Be3 Rg8 45. Qe4 Qa3 46. Rc2 Rd8 47.
Qf3 Rf8 48. Qe4 Qa6 49. Qc4 b5 50. Qe4 b4 51. Qc4 Qb7 52. Qxe6 Qf3 53. Qc4
Qxe3+ 54. Kg2 Qf3+ 55. Kg1 Rd8 0-1

[Event "2. Bundesliga West 2004/2005(7)"]
[Site "?"]
[Date "2005.01.22"]
[Round "?"]
[White "Salvermoser, Bernd"]
[Black "Ager, Josef"]
[Result "1/2-1/2"]
[WhiteElo "2229"]
[BlackElo "2228"]
[PlyCount "91"]
[EventDate "2005.01.22"]

1. d4 Nf6 2. c4 g6 3. Nc3 Bg7 4. e4 d6 5. Be2 O-O 6. Bg5 Na6 7. h4 h6 8. Be3 e5
9. d5 Nc5 10. Qc2 a5 11. h5 g5 12. f3 Bd7 13. g4 c6 14. Nh3 cxd5 15. Bxc5 dxc5
16. cxd5 Ne8 17. Bb5 Bc8 18. Na4 Nd6 19. Qxc5 Nxb5 20. Qxb5 Bd7 21. Qb3 Bxa4
22. Qxa4 Qb6 23. Qb3 Qd4 24. Rd1 Qb4+ 25. Ke2 Rfc8 26. Qxb4 axb4 27. Rc1 Rxc1
28. Rxc1 Bf8 29. Nf2 Rxa2 30. Nd3 Bd6 31. Rc8+ Kg7 32. Rd8 Ra6 33. Rd7 Rb6 34.
b3 Kf8 35. Rd8+ Ke7 36. Rh8 Bc7 37. Nb2 Ra6 38. Nc4 b5 39. d6+ Bxd6 40. Nxd6
Rxd6 41. Rb8 Rc6 42. Rxb5 Rc2+ 43. Kd1 Rc3 44. Rxe5+ Kf8 45. Ke2 Rxb3 46. Rb5
1/2-1/2

[Event "2. Bundesliga West 2004/2005(7)"]
[Site "?"]
[Date "2005.01.22"]
[Round "?"]
[White "Knechtel, Roland"]
[Black "Duer, Werner"]
[Result "1/2-1/2"]
[WhiteElo "2229"]
[BlackElo "2264"]
[PlyCount "84"]
[EventDate "2005.01.22"]

1. d4 d5 2. c4 c6 3. Nc3 Nf6 4. Nf3 dxc4 5. a4 Bf5 6. Ne5 Nbd7 7. Nxc4 Nb6 8.
Ne5 a5 9. f3 Nfd7 10. Nxd7 Bxd7 11. e4 e6 12. Be3 Bd6 13. Be2 O-O 14. O-O Bc7
15. Qb3 Qe7 16. Rac1 Rfc8 17. Rfd1 Qb4 18. Qa2 Qe7 19. f4 Kh8 20. b3 f5 21. e5
Nd5 22. Nxd5 cxd5 23. Bd2 Bb6 24. Bc3 g5 25. Qd2 gxf4 26. Qxf4 Rg8 27. Be1 Bd8
28. Rd3 Qa3 29. Rcc3 Qb2 30. Kf1 Rxg2 31. Kxg2 Qxe2+ 32. Bf2 Qe4+ 33. Qxe4 dxe4
34. Rh3 Bc6 35. Rh6 Bg5 36. Rxe6 f4 37. h4 f3+ 38. Kf1 Bd2 39. Rcxc6 bxc6 40.
Be1 Be3 41. Bf2 Bd2 42. Be1 Be3 1/2-1/2

[Event "2. Bundesliga West 2004/2005(7)"]
[Site "?"]
[Date "2005.01.22"]
[Round "?"]
[White "Lawitsch, Guenther"]
[Black "Hackbarth, Wolfgang"]
[Result "1-0"]
[WhiteElo "2232"]
[BlackElo "2141"]
[PlyCount "74"]
[EventDate "2005.01.22"]

1. d4 Nf6 2. Nf3 g6 3. Bg5 Bg7 4. Nbd2 h6 5. Bh4 d6 6. e4 g5 7. Bg3 Nh5 8. c3
Nxg3 9. hxg3 e6 10. Bd3 Nd7 11. Qe2 Qe7 12. O-O-O a5 13. Kb1 a4 14. Nc4 Rb8 15.
e5 d5 16. Ne3 c6 17. Rh5 f5 18. exf6 Nxf6 19. Bg6+ Kd8 20. Rhh1 Bd7 21. Rde1
Ne4 22. a3 e5 23. dxe5 Bxe5 24. Qc2 Bf6 25. Bxe4 dxe4 26. Nd2 Re8 27. Qxa4 Bg7
28. Qa5+ b6 29. Qa7 Kc8 30. Ndc4 Rb7 31. Nxb6+ Kc7 32. Nbd5+ cxd5 33. Nxd5+ Kc6
34. Nxe7+ Rxe7 35. Qa5 Rb5 36. Qa6+ Kc5 37. Rd1 Bc6 1-0

[Event "2. Bundesliga West 2004/2005(7)"]
[Site "?"]
[Date "2005.01.22"]
[Round "?"]
[White "Maierhofer, Johann"]
[Black "Baerner, Helmut"]
[Result "1-0"]
[WhiteElo "2136"]
[BlackElo "2143"]
[PlyCount "101"]
[EventDate "2005.01.22"]

1. e4 d5 2. exd5 Qxd5 3. Nc3 Qd6 4. d4 Nf6 5. Bc4 c6 6. Nge2 Bf5 7. a3 e6 8.
Bf4 Qd8 9. Qd2 Bd6 10. O-O-O Qc7 11. f3 h5 12. Rhe1 Nbd7 13. d5 Bxf4 14. Nxf4
e5 15. d6 Qa5 16. Nd3 Bxd3 17. Qxd3 b5 18. Bb3 O-O 19. Ne4 Nxe4 20. Qxe4 c5 21.
Bd5 Nf6 22. Qe3 Rac8 23. Bb7 Rb8 24. Be4 b4 25. Bf5 c4 26. Qxe5 Rb5 27. axb4
Rxe5 28. bxa5 Rxf5 29. a6 Ra5 30. Rd4 Rxa6 31. Re7 c3 32. bxc3 Rd8 33. c4 Rd7
34. c5 Kf8 35. Re5 g6 36. Kd2 Ne8 37. Rb4 f6 38. Re3 Ng7 39. Kd3 Rc6 40. Kd4
Nf5+ 41. Kd5 Rc8 42. Re6 Re8 43. Rbe4 Rxe6 44. Rxe6 Rd8 45. g4 hxg4 46. fxg4
Ng7 47. Rxf6+ Kg8 48. Rxg6 Kf7 49. Rxg7+ Kxg7 50. c6 Kf7 51. c7 1-0

[Event "2. Bundesliga West 2004/2005(7)"]
[Site "?"]
[Date "2005.01.22"]
[Round "?"]
[White "Ginsburg, Gennadi"]
[Black "Kelecevic, Nedeljko"]
[Result "1-0"]
[WhiteElo "2473"]
[BlackElo "2403"]
[PlyCount "123"]
[EventDate "2005.01.22"]

1. e4 c6 2. d4 d5 3. Nd2 dxe4 4. Nxe4 Nd7 5. Ng5 Ngf6 6. Bd3 e6 7. N1f3 Bd6 8.
Qe2 h6 9. Ne4 Nxe4 10. Qxe4 Nf6 11. Qe2 b6 12. Bd2 Bb7 13. O-O-O Qc7 14. Kb1
O-O-O 15. c4 Rhe8 16. Bc3 c5 17. dxc5 Bxc5 18. Bc2 Rxd1+ 19. Rxd1 Rd8 20. Re1
Kb8 21. Ne5 Ka8 22. f3 Bd4 23. Bxd4 Rxd4 24. Qe3 Rd8 25. g4 Qe7 26. Ba4 Qc7 27.
Bc2 Qe7 28. f4 Nd7 29. g5 hxg5 30. fxg5 Nf8 31. Be4 f6 32. Ng4 Rd7 33. gxf6
gxf6 34. Qf3 f5 35. Bxb7+ Rxb7 36. Ne5 Qh4 37. Rd1 Qe4+ 38. Qxe4 fxe4 39. Rd8+
Rb8 40. Rxb8+ Kxb8 41. b4 Kc7 42. c5 a5 43. a3 axb4 44. axb4 Nh7 45. h4 Nf6 46.
Kc1 b5 47. Kd2 Kd8 48. Nc6+ Kd7 49. Na7 Nd5 50. h5 e3+ 51. Kd1 Nxb4 52. h6 Nd3
53. h7 e2+ 54. Kxe2 Nf4+ 55. Kd2 Ng6 56. Kc3 e5 57. Nxb5 Nh8 58. Kc4 Kc6 59.
Nd6 Ng6 60. Ne4 Nh8 61. Nf6 Nf7 62. Ng4 1-0

[Event "2. Bundesliga West 2004/2005(7)"]
[Site "?"]
[Date "2005.01.22"]
[Round "?"]
[White "Poettinger, Harald"]
[Black "Hugentobler, Patrik"]
[Result "1/2-1/2"]
[WhiteElo "2259"]
[BlackElo "2251"]
[PlyCount "23"]
[EventDate "2005.01.22"]

1. f4 d5 2. Nf3 Bg4 3. e3 Nd7 4. Be2 Bxf3 5. Bxf3 e6 6. O-O f5 7. b3 Ngf6 8.
Bb2 Bd6 9. c4 c6 10. Ba3 Qe7 11. Bxd6 Qxd6 12. d4 1/2-1/2

[Event "2. Bundesliga West 2004/2005(7)"]
[Site "?"]
[Date "2005.01.22"]
[Round "?"]
[White "Doskocil, Klaus"]
[Black "Herbrechtsmeier, Christof"]
[Result "1/2-1/2"]
[WhiteElo "2223"]
[BlackElo "2290"]
[PlyCount "24"]
[EventDate "2005.01.22"]

1. e4 c5 2. c3 d5 3. exd5 Qxd5 4. d4 Nf6 5. Nf3 g6 6. Be2 Bg7 7. O-O O-O 8. Na3
cxd4 9. cxd4 Nc6 10. Nb5 Qd8 11. Be3 Nd5 12. Qd2 a6 1/2-1/2

[Event "2. Bundesliga West 2004/2005(7)"]
[Site "?"]
[Date "2005.01.22"]
[Round "?"]
[White "Gattenloehner, Sebastian"]
[Black "Bezler, Rainer"]
[Result "1/2-1/2"]
[WhiteElo "2229"]
[BlackElo "2247"]
[PlyCount "21"]
[EventDate "2005.01.22"]

1. e4 e5 2. Bc4 Nc6 3. Nf3 Bc5 4. c3 Qe7 5. O-O d6 6. h3 Bb6 7. Bb3 Be6 8. d4
Bxb3 9. axb3 Nf6 10. Re1 O-O 11. dxe5 1/2-1/2

[Event "2. Bundesliga West 2004/2005(7)"]
[Site "?"]
[Date "2005.01.22"]
[Round "?"]
[White "Maier, Peter"]
[Black "Mira, Helene"]
[Result "1/2-1/2"]
[WhiteElo "2182"]
[BlackElo "2184"]
[PlyCount "47"]
[EventDate "2005.01.22"]

1. d4 d6 2. c4 e5 3. d5 f5 4. Nc3 Be7 5. e4 Nf6 6. exf5 Bxf5 7. Nge2 O-O 8. Ng3
Qd7 9. Bd3 Bxd3 10. Qxd3 Na6 11. O-O Nc5 12. Qe2 a5 13. Be3 b6 14. f3 c6 15.
Qd2 Rab8 16. Rad1 cxd5 17. Nxd5 Nxd5 18. Qxd5+ Qe6 19. Qxe6+ Nxe6 20. Ne4 Rfd8
21. Nc3 Rdc8 22. b3 Nc7 23. a4 Kf7 24. Rd2 1/2-1/2

[Event "2. Bundesliga West 2004/2005(7)"]
[Site "?"]
[Date "2005.01.22"]
[Round "?"]
[White "Heilinger, Dietmar"]
[Black "Mrsic, Robert"]
[Result "0-1"]
[WhiteElo "2167"]
[BlackElo "2074"]
[PlyCount "66"]
[EventDate "2005.01.22"]

1. c4 e5 2. Nc3 Nf6 3. g3 d5 4. cxd5 Nxd5 5. Bg2 Nb6 6. Nf3 Nc6 7. O-O Be7 8.
a3 O-O 9. b4 Be6 10. d3 f6 11. Be3 Nd5 12. Nxd5 Bxd5 13. Nd2 Bxg2 14. Kxg2 f5
15. Qb3+ Kh8 16. b5 Na5 17. Qa4 b6 18. f3 Qd7 19. Nc4 Nxc4 20. Qxc4 Bd6 21.
Rfc1 Rae8 22. a4 e4 23. dxe4 fxe4 24. Bd4 Re6 25. Rd1 Rh6 26. h4 Qf5 27. fxe4
Qxe4+ 28. Kg1 Qg6 29. Qd3 Qg4 30. Rf1 Re8 31. Rf7 Rg6 32. Raf1 h5 33. R1f3 Bxg3
0-1